• 首页
  • 本馆介绍
  • 公告通知
  • 最新文献
  • 馆藏检索
  • 电子资源
  • 读者导购
  • 参考咨询
  • 我的图书馆
  • 登录
  • 详细信息显示
  • 放入我的书架
  • 预约/预借图书
  • 作者相关作品
  • 分类相关作品
  • 丛书相关作品
  • 出版社相关作品

书目信息

  • 表格格式
  • 工作单格式
  • 卡片格式
题名:
早期殖民主义侵略史
    
 
作者: 艾周昌 , 程纯 著
分册:  
出版信息: 北京   人民出版社  1982.4
页数: 254页
开本: 20cm
丛书名:
单 册:
中图分类: K13
科图分类:
主题词: 世界史:中世纪史
电子资源:
ISBN:
000 00551nam0 2200193 45
001 0312221749
005 20070730171200.25
010    @dCNY0.66
100    @a20031222d1982 km y0chiy0120 ea
101    @achi
200 1  @a早期殖民主义侵略史@AZao Qi Zhi Min Zhu Yi Qin Lue Shi@f艾周昌,程纯著@FAi Zhou Chang,Cheng Chun Zhu
210    @a北京@c人民出版社@d1982.4
215    @a254页@d20cm
606 0  @a世界史:中世纪史
690    @aK13@v3
701 0  @a艾周昌@4著
701 0  @a程纯@4著
801    @aCN@bTSTCL@c20070730
905    @a213230@dK13@e58@b174230-231@f2
    
    早期殖民主义侵略史/艾周昌,程纯著.-北京:人民出版社,1982.4
    254页;20cm
    
    
    ISBN :CNY0.66
    
●
相关链接 在E读中查询图书 在五车中查询图书 在当当中查询图书 在豆瓣中查询图书


正题名:早期殖民主义侵略史     索取号:K13/58         预约/预借

序号 登录号 条形码 馆藏地/架位号 状态 备注
1 0174230   001220075   密集书库/ [索取号:K13/58] 在馆    
2 0174231   001220084   第二样本阅览室/ [索取号:K13/58] 在馆    
3 0436612   204366122   密集书库/ [索取号:K13/58] 在馆    
4 0462942   204629429   密集书库/ [索取号:K13/58] 在馆    
5 0462957   204629571   密集书库/ [索取号:K13/58] 在馆    
6 0787303   207873032   密集书库/ [索取号:K13/58] 在馆    
唐山师范学院图书馆 欢迎您!
大连网信软件有限公司© 版权所有